000 00938nam a2200241 a 4500
003 CBULib
005 20231023094439.0
008 140729s2004 ||||||||||||||||| || u
040 _aCBULib
_bCBULib
_cCBUlib
_dCBULib
_erda
041 _aeng
050 _aUNECA(058)
082 _aUNECA(05)SADB/2001/9C
110 _aUnited Nations Economic Commission For Africa(UNECA)
245 1 0 _aReport of the sub-regional decade review meeting on the implementation of the Beijing platform for action in Southern Africa
_c/by United Nations Economic Commission For Africa (UNECA)
260 _aLusaka :
_bUNITED NATIONS ECONOMIC COMMISSION FOR AFRICA(UNECA),
_c2004.
300 _a34 pages : Illustrations
650 _aWOMEN EMPOWERMENT--AFRICA
650 _aWOMEN EMPOWERMENT
650 _aGENDER
650 _aGENDER AND DEVELOPMENT--SADC REGION
942 _2mc
_c029
_n0
999 _c56168
_d56168